Analýza likvidovaných podnikov diplomová práca

Saved in:
Bibliographic Details
Main Author: Horváth, František
Corporate Author: Národohospodárska fakulta EU. Katedra financií
Other Authors: Gertler, Ľubomíra, 1977-
Format: Book
Language:Slovak
Published: Bratislava 2011
Tags: Add Tag
No Tags, Be the first to tag this record!

MARC

LEADER 00000nbm a2200000 4500
001 0130917
005 20161109101630.6
041 0 |a slo 
044 |a SK 
245 1 0 |a Analýza likvidovaných podnikov  |b diplomová práca  |c František Horváth ; školiteľ: Ľubomíra Gertler 
264 1 |a Bratislava  |c 2011 
300 |a 72 s. 
100 1 |a Horváth, František 
700 1 |a Gertler, Ľubomíra, 1977- 
710 2 |a Národohospodárska fakulta EU. Katedra financií